00351nam a22001457a 4500003000400000008004100004020001800045082001600063100002800079245003700107250001300144260002500157300001100182650001200193OSt240401b |||||||| |||| 00| 0 eng d a9789332518117 a741.672 ARP aARMSTRONG, Helen Joseph aPatternmaking For Fashion Design a5th. ed. aNoidabPearsonc2024 a919 p. aB. FAD.